[Event "Superettan(Burgsvik-Kungstornet)"]
[Site "?"]
[Date "2019.03.31"]
[Round "9"]
[White "Backlund, Anders"]
[Black "Persson, Mats"]
[Result "1/2-1/2"]
[WhiteElo "2307"]
[BlackElo "2283"]
[PlyCount "25"]
1. c4 e5 2. Nc3 Nc6 3. g3 g6 4. Bg2 Bg7 5. d3 d6 6. e4 f5 7. Nge2 Nf6 8. O-O
O-O 9. Nd5 Nh5 10. exf5 Bxf5 11. h3 Be6 12. Be3 Qd7 13. Kh2 1/2-1/2

[Event "Superettan(Vaxjo-SodraSASS)"]
[Site "?"]
[Date "2019.03.31"]
[Round "9"]
[White "Fors, Tomas"]
[Black "Rydstrom, Tom"]
[Result "0-1"]
[WhiteElo "2160"]
[BlackElo "2310"]
[PlyCount "54"]
[EventDate "2019.??.??"]
1. d4 g6 2. c4 Bg7 3. e4 Nc6 4. d5 Nd4 5. Ne2 c5 6. Nbc3 e5 7. dxe6 dxe6 8. Be3
Ne7 9. Qd2 Nec6 10. Nf4 O-O 11. Be2 Qa5 12. Rd1 a6 13. Nd3 Rd8 14. Qc1 b5 15.
cxb5 Nxe2 16. Kxe2 Nd4+ 17. Kf1 axb5 18. Nxc5 b4 19. Ne2 Qb5 20. Rd2 e5 21. f3
Ra7 22. Nb3 Ba6 23. Bxd4 exd4 24. Qc5 Qb8 25. Kf2 Rc8 26. Qg5 h6 27. Qd5 Bc4
0-1

[Event "Superettan(Burgsvik-Kungstornet)"]
[Site "?"]
[Date "2019.03.31"]
[Round "9"]
[White "Andersson, Tommy"]
[Black "von Bahr, Oskar"]
[Result "1-0"]
[WhiteElo "2407"]
[BlackElo "2405"]
[PlyCount "79"]
1. d4 Nf6 2. c4 g6 3. f3 c5 4. d5 d6 5. e4 Bg7 6. Nc3 O-O 7. Nge2 e6 8. Ng3
exd5 9. cxd5 a6 10. a4 Nh5 11. Nxh5 gxh5 12. Bd3 f5 13. Qc2 f4 14. e5 Qh4+ 15.
Kd1 Bxe5 16. Bxh7+ Kh8 17. a5 Nd7 18. Bd3 Rg8 19. Qe2 Nf6 20. Bd2 Bd7 21. Kc2
Rae8 22. Qf1 Qg5 23. g3 Bf5 24. Ra4 Qg6 25. gxf4 Bxc3 26. bxc3 Nxd5 27. Bxf5
Qxf5+ 28. Qd3 Qxd3+ 29. Kxd3 Rg2 30. Re4 Nf6 31. Rxe8+ Nxe8 32. c4 Kg8 33. h3
Kf7 34. Rb1 Ke6 35. Rxb7 Rg3 36. Ke3 Rxh3 37. Bc3 Rh2 38. f5+ Kxf5 39. Re7 d5
40. cxd5 1-0

[Event "Superettan(Vaxjo-SodraSASS)"]
[Site "?"]
[Date "2019.03.31"]
[Round "9"]
[White "Lindberg, Bengt"]
[Black "Alquist, Erik"]
[Result "1-0"]
[WhiteElo "2390"]
[BlackElo "2034"]
[PlyCount "81"]
[EventDate "2019.??.??"]
1. e4 c5 2. Nf3 d6 3. d4 cxd4 4. Nxd4 Nf6 5. Nc3 a6 6. Be3 Ng4 7. Bg5 h6 8. Bh4
g5 9. Bg3 Bg7 10. h3 Ne5 11. Be2 Nbc6 12. Nb3 Be6 13. Nd5 Rc8 14. O-O O-O 15.
c3 b5 16. f4 gxf4 17. Nxf4 Bc4 18. Nd4 e6 19. Nh5 Bh8 20. b3 Bxe2 21. Qxe2 Qg5
22. Rad1 Ne7 23. Bf4 Qg6 24. Bd2 Kh7 25. Be1 Qg5 26. g4 Rg8 27. Kh1 N7g6 28.
Nf3 Nxf3 29. Rxf3 Ne5 30. Rf1 Rc6 31. Qf2 Rgc8 32. Qg3 R8c7 33. Bd2 Qg6 34. Rf4
Rc5 35. Rdf1 d5 36. Qe3 dxe4 37. Nf6+ Kg7 38. Ne8+ Kf8 39. Nxc7 Rxc7 40. Rxe4
h5 41. Rxe5 1-0

[Event "Superettan(Burgsvik-Kungstornet)"]
[Site "?"]
[Date "2019.03.31"]
[Round "9"]
[White "Andersson, Fredrik"]
[Black "Andersson, Bjorn"]
[Result "1/2-1/2"]
[WhiteElo "2287"]
[BlackElo "2162"]
[PlyCount "53"]
1. e4 c5 2. Nf3 Nc6 3. Bb5 e6 4. Bxc6 bxc6 5. d3 Ne7 6. O-O Ng6 7. Ng5 f6 8.
Nh3 d5 9. Qh5 Qd7 10. f4 Qf7 11. Nc3 Bd6 12. b3 Nf8 13. Qe2 d4 14. Na4 Qc7 15.
Ba3 e5 16. f5 Qe7 17. Qh5+ Kd8 18. Rac1 Ba6 19. Qh4 Bb5 20. Qe1 a5 21. Nf2 Bxa4
22. bxa4 Qf7 23. c4 Nd7 24. Rb1 Ke7 25. Qd2 Bc7 26. Rb7 Kd6 27. Rfb1 1/2-1/2

[Event "Superettan(Vaxjo-SodraSASS)"]
[Site "?"]
[Date "2019.03.31"]
[Round "9"]
[White "Adler, Bo"]
[Black "Olofsson-Dolk, Mattis"]
[Result "0-1"]
[WhiteElo "2176"]
[BlackElo "2172"]
[PlyCount "72"]
[EventDate "2019.??.??"]
1. d4 Nf6 2. c4 g6 3. Nc3 d5 4. cxd5 Nxd5 5. e4 Nxc3 6. bxc3 Bg7 7. Bc4 c5 8.
Ne2 Nc6 9. Be3 O-O 10. O-O Bg4 11. f3 Bd7 12. Qe1 Qc7 13. Rc1 Rad8 14. Qh4 Na5
15. Bd3 e5 16. f4 f6 17. fxe5 fxe5 18. d5 c4 19. Bc2 b6 20. Qg3 Qc8 21. h3 Nb7
22. Kh2 Rxf1 23. Rxf1 Rf8 24. Rb1 Nd6 25. Ng1 Qa6 26. a4 Bxa4 27. Ra1 b5 28.
Nf3 Qc8 29. Bxa4 bxa4 30. Rxa4 Nxe4 31. Qh4 Nxc3 32. Rxc4 Qb8 33. Bxa7 Qxa7 34.
Ng5 h6 35. Ne6 e4 36. Qg3 Ne2 0-1

[Event "Superettan(Burgsvik-Kungstornet)"]
[Site "?"]
[Date "2019.03.31"]
[Round "9"]
[White "Linusson, Pelle"]
[Black "Aronsson, Marten"]
[Result "1-0"]
[WhiteElo "2216"]
[BlackElo "2272"]
[PlyCount "107"]
1. Nf3 d5 2. c4 c6 3. e3 Nf6 4. Nc3 e6 5. b3 Bd6 6. Qc2 Nbd7 7. Bb2 Qe7 8. Be2
a6 9. d4 b5 10. O-O Bb7 11. e4 dxe4 12. Nxe4 Nxe4 13. Qxe4 Rb8 14. Qg4 Qf6 15.
c5 Bxc5 16. Rab1 Bd6 17. Bd3 h5 18. Qh3 g5 19. Ne5 Nxe5 20. dxe5 Bxe5 21. Bxe5
Qxe5 22. Rfe1 Qf6 23. Rbc1 Rd8 24. Be4 Rd6 25. Qe3 Qe7 26. Rc5 f6 27. Qc3 O-O
28. h4 Rfd8 29. hxg5 Rd1 30. Rxd1 Rxd1+ 31. Kh2 f5 32. Bf3 Qd6+ 33. Qe5 Rd2 34.
Kg3 Qxe5+ 35. Rxe5 Bc8 36. Re2 Rxe2 37. Bxe2 e5 38. b4 Be6 39. a3 f4+ 40. Kh4
Bd5 41. f3 Bc4 42. Bd1 Bd3 43. Kxh5 Kg7 44. Bb3 Bg6+ 45. Kg4 Kf8 46. Be6 Ke7
47. Bf5 Be8 48. Bb1 Bd7+ 49. Kh5 Kd6 50. Kg6 c5 51. bxc5+ Kxc5 52. Kf7 Kd4 53.
g6 Bc6 54. Be4 1-0

[Event "Superettan(Vaxjo-SodraSASS)"]
[Site "?"]
[Date "2019.03.31"]
[Round "9"]
[White "Lindahl, Emil"]
[Black "Franzen, Bo"]
[Result "1-0"]
[WhiteElo "2160"]
[BlackElo "1734"]
[PlyCount "115"]
[EventDate "2019.??.??"]
1. d4 d5 2. c4 e6 3. Nf3 Nf6 4. Nc3 Nbd7 5. e3 a6 6. b3 Bb4 7. Bd2 O-O 8. Bd3
c5 9. O-O cxd4 10. exd4 b6 11. Nxd5 Bxd2 12. Nxf6+ Nxf6 13. Qxd2 Bb7 14. Ne5
Qd6 15. Rad1 Rad8 16. Rfe1 g6 17. Bc2 Kg7 18. Re3 h5 19. h3 Rh8 20. Qd3 Rh6 21.
Qc3 a5 22. Qd2 Rdh8 23. Ree1 Ba6 24. Qf4 Rf8 25. Nxg6 Qxf4 26. Nxf4 Bb7 27. Re5
Rfh8 28. d5 exd5 29. Re7 Bc8 30. cxd5 Ng4 31. d6 Nf6 32. d7 Bxd7 33. Rdxd7 Nxd7
34. Rxd7 Rc6 35. Be4 Rc1+ 36. Kh2 h4 37. Bd5 Re8 38. Rxf7+ Kh6 39. Rf5 Ree1 40.
Rh5+ Kg7 41. Rxh4 Rh1+ 42. Kg3 Rc3+ 43. Kg4 Kf6 44. Rh6+ Ke7 45. Rxb6 Rc2 46.
Ng6+ Kd7 47. f4 Rd1 48. Ne5+ Kc7 49. Rb7+ Kc8 50. Bf3 Ra1 51. a4 Rb2 52. Nc4
Rf2 53. Nd6+ Kd8 54. Nc4 Kc8 55. Rf7 Kd8 56. h4 Ke8 57. Rb7 Raa2 58. Kf5 1-0

[Event "Superettan(Burgsvik-Kungstornet)"]
[Site "?"]
[Date "2019.03.31"]
[Round "9"]
[White "Couso, Luis"]
[Black "Akerman, Axel"]
[Result "0-1"]
[WhiteElo "2288"]
[BlackElo "2157"]
[PlyCount "64"]
1. c4 e5 2. g3 Nc6 3. Nc3 Bb4 4. Bg2 Bxc3 5. bxc3 f5 6. Nf3 Nf6 7. O-O O-O 8.
d3 d6 9. e4 fxe4 10. dxe4 Be6 11. Nd2 Qe8 12. Ba3 b6 13. Qe2 Na5 14. Rfb1 c5
15. Bf1 Qg6 16. Re1 h5 17. h4 Kf7 18. Nf3 Nh7 19. Nd2 Ke7 20. Kh2 Qf7 21. f3 g5
22. hxg5 Nxg5 23. Bg2 h4 24. Qe3 hxg3+ 25. Kxg3 Rg8 26. Kf2 Nxc4 27. Nxc4 Bxc4
28. Rh1 Ne6 29. Bh3 Nf4 30. Rag1 Rxg1 31. Kxg1 Rg8+ 32. Kf2 Be6 0-1

[Event "Superettan(Vaxjo-SodraSASS)"]
[Site "?"]
[Date "2019.03.31"]
[Round "9"]
[White "Broden, Per"]
[Black "Neretljak, Nedzad"]
[Result "*"]
[WhiteElo "2008"]
[BlackElo "2140"]
[PlyCount "107"]
[EventDate "2019.??.??"]
1. Nf3 d6 2. c4 g6 3. Nc3 Bg7 4. d3 Nf6 5. Bg5 Nbd7 6. Qd2 h6 7. Bxf6 Nxf6 8.
g3 O-O 9. Bg2 e5 10. O-O Be6 11. e4 Qd7 12. Rfe1 Bh3 13. Bh1 g5 14. d4 Ng4 15.
Bg2 Bxg2 16. Kxg2 f5 17. dxe5 fxe4 18. Rxe4 Qf5 19. Qd5+ Kh8 20. Re2 Nxf2 21.
Rxf2 g4 22. Raf1 gxf3+ 23. Rxf3 Qxe5 24. Qxe5 dxe5 25. Rxf8+ Rxf8 26. Rxf8+
Bxf8 27. Kf3 c6 28. Ke4 Bd6 29. Kf5 Kg7 30. Ne4 Be7 31. Ke6 Bf8 32. b3 Kg6 33.
Kxe5 b6 34. Ke6 h5 35. h3 Bb4 36. g4 h4 37. Nd6 Kg5 38. Nf7+ Kf4 39. g5 Bc3 40.
g6 Bg7 41. Nd6 Bb2 42. Nf5 c5 43. Nxh4 Kg5 44. Nf5 Kxg6 45. Ne7+ Kg5 46. Nc8
Kh4 47. Nxa7 Kxh3 48. Nc8 Kg4 49. Nxb6 Kf4 50. Kd5 Ba3 51. Na4 Ke3 52. Nxc5 Kd2
53. Na6 Be7 54. b4 *

[Event "Superettan(Burgsvik-Kungstornet)"]
[Site "?"]
[Date "2019.03.31"]
[Round "9"]
[White "Larsson, Victor"]
[Black "Henriksson, Johan"]
[Result "1-0"]
[WhiteElo "2201"]
[BlackElo "2262"]
[PlyCount "95"]
1. d4 d5 2. c4 dxc4 3. Nf3 Nf6 4. e3 e6 5. Bxc4 c5 6. O-O a6 7. a4 Nc6 8. Qe2
Be7 9. Rd1 O-O 10. Nc3 Qb6 11. b3 Bd7 12. Rb1 Rfd8 13. Bb2 Rac8 14. Ne5 cxd4
15. exd4 Nb4 16. h3 Be8 17. Ra1 Qa5 18. Rd2 Nbd5 19. Nxd5 Nxd5 20. Rad1 b5 21.
axb5 axb5 22. Ra1 Qb6 23. Bd3 Bb4 24. Rc2 Nc3 25. Bxh7+ Kxh7 26. Bxc3 Bxc3 27.
Qd3+ f5 28. Rxc3 Rxd4 29. Qc2 Rxc3 30. Qxc3 Qd6 31. Re1 b4 32. Qg3 Rd1 33. Rxd1
Qxd1+ 34. Kh2 Qd6 35. f4 Bh5 36. Qg5 g6 37. Qf6 Qd2 38. Qf7+ Kh8 39. Qf8+ Kh7
40. Qe7+ Kg8 41. Qxe6+ Kg7 42. Qe7+ Kg8 43. Qf7+ Kh8 44. Qc4 Kg7 45. Qc7+ Kg8
46. Nf7 Bf3 47. Nh6+ Kh8 48. Qc8+ 1-0

[Event "Superettan(Kristallen-Rockaden,SthlmII)"]
[Site "?"]
[Date "2019.03.31"]
[Round "9"]
[White "Bjerre, Jonas Buhl"]
[Black "Andersson, Goran L"]
[Result "1-0"]
[WhiteElo "2422"]
[BlackElo "2249"]
[PlyCount "43"]
1. e4 e5 2. Nf3 Nc6 3. Bb5 Nf6 4. d3 Bc5 5. O-O Nd4 6. Nxd4 Bxd4 7. c3 Bb6 8.
d4 O-O 9. dxe5 Nxe4 10. Nd2 d5 11. Nxe4 dxe4 12. Qh5 Qe7 13. Bf4 c6 14. Ba4 Bc7
15. Rfe1 g6 16. Qe2 Bf5 17. g4 Qh4 18. h3 Be6 19. Qe3 f6 20. Bc2 Bb6 21. Qg3
Bxf2+ 22. Kxf2 1-0

[Event "Superettan(Alingsas-Vasteras II)"]
[Site "?"]
[Date "2019.03.31"]
[Round "9"]
[White "Eriksson, Anders"]
[Black "Agrest, Evgenij"]
[Result "1/2-1/2"]
[WhiteElo "2230"]
[BlackElo "2581"]
[PlyCount "32"]
[SourceDate "2019.04.12"]
1. Nf3 d5 2. g3 g6 3. Bg2 Bg7 4. d4 Nf6 5. O-O O-O 6. c4 dxc4 7. Na3 c3 8. bxc3
c5 9. Re1 Nc6 10. e4 Bg4 11. Bb2 Ne8 12. Nc2 Qa5 13. h3 Bxf3 14. Qxf3 Qa4 15.
Qd1 Nd6 16. Ne3 Qxd1 1/2-1/2

[Event "Superettan(Upsala-Manhem)"]
[Site "?"]
[Date "2019.03.31"]
[Round "9"]
[White "Johansson, Jan"]
[Black "Olsen, Filip Boe"]
[Result "1-0"]
[WhiteElo "2344"]
[BlackElo "2359"]
[PlyCount "79"]
[EventDate "2019.??.??"]
1. e4 c6 2. d4 d5 3. e5 Bf5 4. Nf3 e6 5. Be2 Ne7 6. O-O h6 7. Nbd2 Nd7 8. Nb3
g5 9. Bd2 a5 10. a4 Bg7 11. Nc1 c5 12. Bb5 Nc6 13. dxc5 Ndxe5 14. Nxe5 Bxe5 15.
Nd3 Bf6 16. f4 Kf8 17. Bxc6 bxc6 18. Qe1 g4 19. Ne5 d4 20. c4 h5 21. Ra3 h4 22.
Rb3 h3 23. g3 Kg7 24. Rb7 Bxe5 25. fxe5 Kg6 26. Qf2 Qc8 27. Rb6 Qf8 28. Rxc6
Rh5 29. Qxd4 Qe8 30. Rd6 Rc8 31. c6 Rxc6 32. Rxf5 Rxf5 33. Qxg4+ Kh7 34. Qh4+
Kg7 35. Bh6+ Kg6 36. Rd8 Rxc4 37. Bf4 Rfxf4 38. gxf4 Rc1+ 39. Kf2 Rc2+ 40. Ke3
1-0

[Event "Superettan(Kristallen-Rockaden,SthlmII)"]
[Site "?"]
[Date "2019.03.31"]
[Round "9"]
[White "Lindh, Fredrik"]
[Black "Berovski, Krum"]
[Result "1/2-1/2"]
[WhiteElo "2244"]
[BlackElo "2346"]
[PlyCount "89"]
1. e4 e6 2. d4 d5 3. Nc3 Bb4 4. e5 c5 5. a3 Bxc3+ 6. bxc3 Bd7 7. a4 Qa5 8. Bd2
c4 9. Qb1 Nc6 10. h4 O-O-O 11. h5 f6 12. f4 Nh6 13. Nf3 Rdf8 14. Be2 Nf5 15.
Rh3 Nh6 16. Nh4 Rfg8 17. Bf3 Nf7 18. g4 g5 19. hxg6 hxg6 20. g5 fxg5 21. fxg5
Qd8 22. Qc1 Ne7 23. Kf2 Rg7 24. Qh1 Rgh7 25. Bg4 Kb8 26. a5 Nc6 27. Nf3 Rxh3
28. Bxh3 Nxa5 29. Qg2 Nc6 30. Qg3 Rh5 31. Bg4 Rh7 32. Qf4 Qg8 33. Kg2 Ne7 34.
Bc1 Nf5 35. Ba3 b6 36. Bxf5 gxf5 37. Be7 Nh8 38. Bd6+ Kb7 39. Qc1 Ng6 40. Qa3
a5 41. Rb1 Nf4+ 42. Kg3 Rh3+ 43. Kxf4 Rxf3+ 44. Kxf3 Qxg5 45. Qc1 1/2-1/2

[Event "Superettan(Alingsas-Vasteras II)"]
[Site "?"]
[Date "2019.03.31"]
[Round "9"]
[White "Winsnes, Rikard"]
[Black "Jonsson, Mikael"]
[Result "1-0"]
[WhiteElo "2378"]
[BlackElo "2251"]
[PlyCount "53"]
1. e4 e5 2. Nf3 Nc6 3. Bb5 a6 4. Ba4 Nf6 5. O-O Be7 6. Re1 b5 7. Bb3 O-O 8. c3
d5 9. d4 exd4 10. e5 Ne4 11. cxd4 Bg4 12. Nc3 Nxc3 13. bxc3 Qd7 14. h3 Bh5 15.
Qd3 Na5 16. e6 Qd6 17. exf7+ Bxf7 18. Ne5 Be6 19. Qg3 Nxb3 20. axb3 Qb6 21. Nd7
Bd6 22. Nxb6 Bxg3 23. fxg3 Rae8 24. Ba3 Rf5 25. g4 Rg5 26. Bc1 Rg6 27. Nxd5 1-0

[Event "Superettan(Upsala-Manhem)"]
[Site "?"]
[Date "2019.03.31"]
[Round "9"]
[White "Boe, Mads"]
[Black "Johansson, Thomas"]
[Result "1/2-1/2"]
[WhiteElo "2295"]
[BlackElo "2235"]
[PlyCount "51"]
[EventDate "2019.??.??"]
1. e4 e6 2. d4 d5 3. e5 c5 4. c3 Nc6 5. Be3 Qb6 6. Qd2 Bd7 7. Nf3 Nh6 8. Bd3
Ng4 9. O-O Nxe3 10. fxe3 Be7 11. Rf2 O-O-O 12. Na3 f6 13. exf6 Bxf6 14. dxc5
Qxc5 15. Nc2 Ne5 16. Nxe5 Bxe5 17. Qe2 Qd6 18. h3 Bg3 19. Rf7 g6 20. Bb5 a6 21.
Bxd7+ Rxd7 22. Raf1 Bh4 23. Qg4 Bd8 24. Qb4 Qxb4 25. Nxb4 Re8 26. R1f3 1/2-1/2

[Event "Superettan(Kristallen-Rockaden,SthlmII)"]
[Site "?"]
[Date "2019.03.31"]
[Round "9"]
[White "Kenneskog, Theodor"]
[Black "Walinder, Lars"]
[Result "1/2-1/2"]
[WhiteElo "2330"]
[BlackElo "2258"]
[PlyCount "79"]
1. d4 d5 2. c4 e6 3. Nc3 Nf6 4. cxd5 exd5 5. Bg5 c6 6. Qc2 Be7 7. e3 Nbd7 8.
Bd3 h6 9. Bh4 Nh5 10. Bxe7 Qxe7 11. O-O-O Nb6 12. Kb1 Be6 13. Nf3 O-O-O 14. Nd2
g6 15. Na4 Nxa4 16. Qxa4 Kb8 17. Nb3 Ng7 18. Rc1 Bf5 19. Rhd1 Rc8 20. Rc3 Rc7
21. Nc5 Ne6 22. Ra3 a6 23. Nxa6+ bxa6 24. Qxa6 Ra7 25. Rb3+ Rb7 26. Qxc6 Rxb3
27. axb3 Bxd3+ 28. Rxd3 Rd8 29. Rc3 Qb7 30. Qa4 Rc8 31. h4 h5 32. g3 Rc7 33.
Qe8+ Ka7 34. Qa4+ Qa6 35. Rxc7+ Nxc7 36. Qd7 Qf1+ 37. Ka2 Qa6+ 38. Kb1 Qf1+ 39.
Ka2 Qa6+ 40. Kb1 1/2-1/2

[Event "Superettan(Alingsas-Vasteras II)"]
[Site "?"]
[Date "2019.03.31"]
[Round "9"]
[White "Landgren, Andreas"]
[Black "Andreasson, Ingvar"]
[Result "1/2-1/2"]
[WhiteElo "2275"]
[BlackElo "2327"]
[PlyCount "29"]
1. d4 e6 2. c4 f5 3. g3 Nf6 4. Bg2 c6 5. Nd2 d5 6. Nh3 Bd6 7. O-O O-O 8. Nf3 b6
9. Bf4 a5 10. Qc2 Bb7 11. Be5 Na6 12. a3 b5 13. c5 Bxe5 14. Nxe5 Nb8 15. f3
1/2-1/2

[Event "Superettan(Upsala-Manhem)"]
[Site "?"]
[Date "2019.03.31"]
[Round "9"]
[White "Nilsson, Joakim"]
[Black "Welin, Mats"]
[Result "1-0"]
[WhiteElo "2299"]
[BlackElo "2328"]
[PlyCount "65"]
[EventDate "2019.??.??"]
1. d4 Nf6 2. c4 e6 3. g3 d5 4. Nf3 Be7 5. Bg2 O-O 6. O-O dxc4 7. Qc2 a6 8. a4
Bd7 9. Qxc4 Bc6 10. Bg5 Nbd7 11. Rd1 h6 12. Bxf6 Nxf6 13. Nbd2 a5 14. Rac1 Rc8
15. Qc2 Bb4 16. e3 Qe7 17. Nc4 Rfd8 18. Nfe5 Bxg2 19. Kxg2 Nd5 20. Qe2 Qe8 21.
e4 Nf6 22. b3 Qe7 23. Qf3 c6 24. h3 Qc7 25. Ne3 Ne8 26. N5c4 b5 27. Ne5 Qb7 28.
axb5 cxb5 29. d5 Rxc1 30. Rxc1 Bd2 31. Rd1 Bxe3 32. dxe6 fxe6 33. Rxd8 1-0

[Event "Superettan(Kristallen-Rockaden,SthlmII)"]
[Site "?"]
[Date "2019.03.31"]
[Round "9"]
[White "Naslund, Mikael"]
[Black "Bryntze, Stefan"]
[Result "1/2-1/2"]
[WhiteElo "2188"]
[BlackElo "2211"]
[PlyCount "23"]
1. d4 e6 2. Nf3 f5 3. g3 Nf6 4. Bg2 d5 5. O-O Bd6 6. c4 c6 7. Bf4 O-O 8. Nc3
Bxf4 9. gxf4 Nbd7 10. Qb3 Kh8 11. e3 Qe7 12. Rad1 1/2-1/2

[Event "Superettan(Alingsas-Vasteras II)"]
[Site "?"]
[Date "2019.03.31"]
[Round "9"]
[White "Agrest, Inna"]
[Black "Kretz, Johan"]
[Result "1-0"]
[WhiteElo "2275"]
[BlackElo "2207"]
[PlyCount "109"]
[SourceDate "2019.04.12"]
1. e4 g6 2. d4 Bg7 3. Nc3 d6 4. Nf3 a6 5. h3 b5 6. a4 b4 7. Nd5 a5 8. c3 Bb7 9.
Bd3 e6 10. Ne3 Nf6 11. Qc2 bxc3 12. bxc3 Nbd7 13. O-O O-O 14. Rb1 Nb6 15. Nd2
Bc6 16. Bb5 Bxb5 17. Rxb5 c6 18. Rb1 Qc7 19. Ba3 Rfb8 20. f4 Bf8 21. f5 exf5
22. exf5 d5 23. fxg6 Bxa3 24. Rxf6 fxg6 25. Rbf1 Rf8 26. Ng4 Rxf6 27. Nxf6+ Kg7
28. Qd3 Rf8 29. Ng4 Rxf1+ 30. Qxf1 Qf7 31. Qa6 Qc7 32. Qxa5 Bd6 33. Nf3 Qb7 34.
Nge5 Nc4 35. Qd8 Qb1+ 36. Kh2 Qe4 37. Qd7+ Kh6 38. Qg4 Kg7 39. Qd7+ Kh6 40. Qg4
Kg7 41. Qxe4 dxe4 42. Kg1 Nb6 43. a5 Nd5 44. c4 Nb4 45. Ng5 e3 46. Kf1 h6 47.
Ne4 Bc7 48. a6 Nxa6 49. Nxc6 Bb6 50. Ke2 Kf7 51. Kxe3 Nc7 52. Nd6+ Ke6 53. Nc8
Kd7 54. Nxb6+ Kxc6 55. Na4 1-0

[Event "Superettan(Upsala-Manhem)"]
[Site "?"]
[Date "2019.03.31"]
[Round "9"]
[White "Landgren, Philip"]
[Black "Burwick, Malte"]
[Result "0-1"]
[WhiteElo "2267"]
[BlackElo "2228"]
[PlyCount "102"]
[EventDate "2019.??.??"]
1. Nf3 g6 2. d4 Bg7 3. Bg5 Nf6 4. Nbd2 O-O 5. c3 d5 6. e3 Nbd7 7. Be2 b6 8. O-O
Bb7 9. a4 a5 10. c4 h6 11. Bh4 dxc4 12. Nxc4 Ne4 13. Rc1 g5 14. Bg3 Nxg3 15.
hxg3 e6 16. Qb3 Qe7 17. Nce5 Nf6 18. Nc6 Qd6 19. Bb5 Rfe8 20. Nfe5 Ne4 21. Qc2
f5 22. g4 Bxe5 23. dxe5 Qf8 24. gxf5 exf5 25. Rfd1 Nc5 26. Qe2 g4 27. Qc4+ Kh8
28. Qf4 Ne6 29. Qg3 Qg7 30. Qh4 Nc5 31. Rd5 Rf8 32. Rcd1 Bc8 33. Rd8 Be6 34.
Rxa8 Rxa8 35. Rd8+ Rxd8 36. Qxd8+ Kh7 37. Qd4 g3 38. f3 Qg5 39. Qf4 Bb3 40. Nd4
Qxf4 41. exf4 Bxa4 42. Bxa4 Nxa4 43. Nxf5 Nxb2 44. e6 Kg6 45. Nxh6 Nc4 46. Ng4
a4 47. f5+ Kg7 48. f6+ Kf8 49. f7 Nd6 50. Ne5 Nxf7 51. exf7 a3 0-1

[Event "Superettan(Kristallen-Rockaden,SthlmII)"]
[Site "?"]
[Date "2019.03.31"]
[Round "9"]
[White "Zadruzny, Nicolaj"]
[Black "Hansson, Fredrik"]
[Result "1-0"]
[WhiteElo "2283"]
[BlackElo "2178"]
[PlyCount "59"]
1. e4 e5 2. Nf3 Nc6 3. Bc4 Bc5 4. O-O Nf6 5. d3 d6 6. a4 h6 7. c3 a5 8. Na3 O-O
9. Nc2 d5 10. exd5 Nxd5 11. Re1 Nb6 12. Bb5 f6 13. Nh4 Ne7 14. d4 exd4 15. cxd4
Bd6 16. Qh5 Nbd5 17. Ne3 Be6 18. Ng4 Bxg4 19. Qxg4 f5 20. Qh5 c6 21. Bd3 Qe8
22. Qe2 Qf7 23. Bd2 Rfe8 24. Qf3 Rf8 25. Qe2 Rfe8 26. Nf3 Ng6 27. Qd1 Ngf4 28.
Bc4 Re4 29. Ne5 Qh5 30. Rxe4 1-0

[Event "Superettan(Alingsas-Vasteras II)"]
[Site "?"]
[Date "2019.03.31"]
[Round "9"]
[White "Norberg, Erik"]
[Black "Bjorklund, Thomas"]
[Result "1/2-1/2"]
[WhiteElo "2209"]
[BlackElo "2161"]
[PlyCount "104"]
1. c4 c5 2. Nc3 g6 3. g3 Bg7 4. Bg2 Nf6 5. e4 d6 6. Nge2 Nc6 7. a3 Bg4 8. h3
Bxe2 9. Nxe2 Nd7 10. d3 Nd4 11. Nc3 Ne5 12. O-O e6 13. Rb1 O-O 14. b4 b6 15. f4
Nec6 16. b5 Ne7 17. g4 Rb8 18. Bd2 f6 19. a4 e5 20. f5 g5 21. Rb2 Qc7 22. Ne2
Nxe2+ 23. Qxe2 a5 24. h4 h6 25. Kf2 Kf7 26. Rh1 Ng8 27. Rh3 Ke8 28. Rb1 Rb7 29.
Rbh1 Qe7 30. Ke1 Ra7 31. Be3 Kd8 32. Bf3 Rc7 33. Kd1 Ke8 34. Kc2 Kd8 35. Qd2
Ke8 36. hxg5 fxg5 37. Rh5 Qf6 38. Kb3 Ra7 39. Be2 Rc7 40. R1h2 Ra7 41. Qc1 Rc7
42. Bd2 Ra7 43. Qh1 Rc7 44. Bc1 Ra7 45. d4 cxd4 46. c5 dxc5 47. Bc4 Qd6 48. Qf3
Ne7 49. Kc2 Rf6 50. Qb3 Kd8 51. Be6 Bf8 52. Bc4 Nc8 1/2-1/2

[Event "Superettan(Upsala-Manhem)"]
[Site "?"]
[Date "2019.03.31"]
[Round "9"]
[White "Kashebayev, Azamat"]
[Black "Storme, Isak"]
[Result "0-1"]
[WhiteElo "2149"]
[BlackElo "2281"]
[PlyCount "96"]
[EventDate "2019.??.??"]
1. d4 Nf6 2. c4 c5 3. d5 b5 4. cxb5 a6 5. bxa6 g6 6. Nc3 Bg7 7. e4 O-O 8. Nf3
Qa5 9. Bd2 Bxa6 10. Bxa6 Qxa6 11. Qe2 e6 12. Qxa6 Nxa6 13. dxe6 fxe6 14. O-O
Nb4 15. Bg5 d5 16. Bxf6 Bxf6 17. e5 Bg7 18. Rfd1 c4 19. Nb5 Rxf3 20. gxf3 Bxe5
21. Nd4 Bxd4 22. Rxd4 Nc2 23. Rdd1 Nxa1 24. Rxa1 Rb8 25. b3 cxb3 26. axb3 Rxb3
27. Kg2 Rb7 28. f4 Kf7 29. Ra8 Kf6 30. Rd8 Kf5 31. Kg3 Ke4 32. Rd6 Re7 33. h4
e5 34. f3+ Kd4 35. fxe5 Kxe5 36. Rd8 Kd4 37. Ra8 Kc3 38. h5 gxh5 39. f4 d4 40.
f5 d3 41. Rd8 d2 42. f6 Re8 43. Rxe8 d1=Q 44. Re4 Qg1+ 45. Kf4 h4 46. Re7 h3
47. Rxh7 h2 48. Ke5 Qe3+ 0-1

[Event "Superettan(Kristallen-Rockaden,SthlmII)"]
[Site "?"]
[Date "2019.03.31"]
[Round "9"]
[White "Subramanian, Aditya"]
[Black "Crevatin, Leo"]
[Result "1-0"]
[WhiteElo "2169"]
[BlackElo "2157"]
[PlyCount "113"]
1. d4 d5 2. c4 e6 3. Nf3 c6 4. Qc2 dxc4 5. Qxc4 b5 6. Qc2 Nf6 7. g3 Bb7 8. Bg2
Nbd7 9. Bg5 Qb6 10. O-O c5 11. a4 bxa4 12. Bxf6 Nxf6 13. Ne5 Bxg2 14. Qxa4+ Bc6
15. Nxc6 Nd7 16. Ne5 Rd8 17. Rd1 Qb4 18. Qc6 Qb6 19. d5 exd5 20. Qxd5 Nxe5 21.
Qxe5+ Be7 22. Nc3 Qe6 23. Rxd8+ Bxd8 24. Qxc5 Bb6 25. Qb5+ Kf8 26. Nd5 g6 27.
Nxb6 axb6 28. Ra6 Kg7 29. Rxb6 Qe7 30. Rb7 Qf6 31. Qc4 Re8 32. Rc7 h5 33. h4
Re5 34. b4 Rf5 35. Rc6 Qa1+ 36. Kg2 Qa8 37. f3 Re5 38. Qd4 Qxc6 39. Qxe5+ Kh7
40. b5 Qb6 41. Qd5 Kg7 42. Qe5+ Kh7 43. Kf1 Qb7 44. Qc5 Qd7 45. Kg2 Qe6 46. Qc2
Qd6 47. Qb3 Qe7 48. Qc4 Qa7 49. Qb3 Qe7 50. Kf1 Qc7 51. b6 Qxg3 52. Qxf7+ Kh6
53. Qf8+ Kh7 54. Qe7+ Kh6 55. Qg5+ Qxg5 56. hxg5+ Kxg5 57. b7 1-0

[Event "Superettan(Alingsas-Vasteras II)"]
[Site "?"]
[Date "2019.03.31"]
[Round "9"]
[White "Wengholm, Anders"]
[Black "Janse, Love"]
[Result "1/2-1/2"]
[WhiteElo "2209"]
[BlackElo "2187"]
[PlyCount "90"]
1. Nf3 f5 2. c4 Nf6 3. g3 g6 4. Bg2 Bg7 5. O-O O-O 6. Nc3 d6 7. d4 Qe8 8. d5
Na6 9. Rb1 Bd7 10. b4 c6 11. Qb3 Nc7 12. e3 e5 13. dxe6 Bxe6 14. Nd4 Bf7 15. b5
Ne4 16. Nxe4 fxe4 17. bxc6 bxc6 18. Qb7 Rb8 19. Qxb8 Qxb8 20. Rxb8 Rxb8 21.
Nxc6 Rb6 22. Bxe4 Bxc4 23. Rd1 d5 24. Ne7+ Kf7 25. Nxd5 Bxd5 26. Rxd5 Nxd5 27.
Bxd5+ Ke8 28. Bb3 Kd7 29. Kg2 Bc3 30. h4 Rf6 31. f4 h5 32. Kf3 a5 33. e4 Rd6
34. Bd5 Rb6 35. Bb3 Rd6 36. Bd5 Rb6 37. Be3 Rb2 38. e5 a4 39. Bf7 Bb4 40. Ke4
a3 41. Kf3 Ke7 42. Bd5 Rc2 43. Ke4 Bc5 44. Kd3 Bxe3 45. Kxc2 Bf2 1/2-1/2

[Event "Superettan(Upsala-Manhem)"]
[Site "?"]
[Date "2019.03.31"]
[Round "9"]
[White "Lundstrom, Mattias"]
[Black "Wagner, Stephan"]
[Result "1/2-1/2"]
[WhiteElo "2160"]
[BlackElo "2218"]
[PlyCount "32"]
[EventDate "2019.??.??"]
1. e4 d5 2. exd5 Qxd5 3. Nc3 Qd6 4. d4 Nf6 5. Nf3 a6 6. Bd3 Nc6 7. O-O Bg4 8.
Ne4 Nxe4 9. Bxe4 e6 10. Qd3 Bxf3 11. Bxf3 O-O-O 12. c3 Ne5 13. Qe2 Nxf3+ 14.
Qxf3 Rd7 15. Bf4 Qd5 16. Qxd5 Rxd5 1/2-1/2